书目信息 |
| 书名: | Growth and development, with special reference to developing economies | |
| 作者: | A. P. Thirlwall. | |
| 分册号: | ||
| 分册名: | 出版地: | London : |
|
| 出版社: | Macmillan | |
| 出版时间: | 1983. | |
| 页数: | xvi, 409 p. : | |
| 开本: | 25 cm. | |
| 丛书名: | ||
| 中图分类号: | ||
| 科图分类号: | ||
| 其他分类号: | F112:H31 | |
| 主题词: | ||
| 电子资源: | ||
| 000 | 00767cam 2200253Ia 45x0 | |
| 001 | E0737260728 | |
| 003 | OCoLC | |
| 005 | 20070225102303.09 | |
| 008 | 040311s1983 enka b 001 0 eng d | |
| 020 | @a0333348621. | |
| 040 | @aEUE@cEUE@dOCL@dVXX | |
| 090 | @aE217/W24 | |
| 090 | @aF112:H31 | |
| 099 | @dF112:H31@ex1 | |
| 100 | 1 | @aThirlwall, A. P. |
| 245 | 10 | @aGrowth and development, with special reference to developing economies / @cA. P. Thirlwall. |
| 250 | @a3rd ed. | |
| 260 | @aLondon :@bMacmillan,@c1983. | |
| 300 | @axvi, 409 p. :@bill. ;@c25 cm. | |
| 500 | @aIncludes index. | |
| 504 | @aBibliography: p. 390-401. | |
| 650 | 0 | @aEconomic development. |
| 651 | 0 | @aDeveloping countries@xEconomic conditions. |
| 920 | @a232010@z2 | |
| Growth and development, with special reference to developing economies / / A. P. Thirlwall.-3rd ed.-London : : Macmillan, , 1983. |
| xvi, 409 p. : : ill. ; ; 25 cm. |
| Includes index.-Bibliography: p. 390-401. |
| ISBN 0333348621. |
| ● |
| 相关链接 |
|
|
|
|
正题名:Growth and development, with special reference to developing economies
索取号:F112:H31/x1
 
预约/预借
| 序号 | 登录号 | 条形码 | 馆藏地/架位号 | 状态 | 备注 |
| 1 | 180640 | 001177568 | 第二样本阅览室/ [索取号:F112:H31/x1] | 在馆 | |
| 2 | 180641 | 001177498 | 第四借阅区/ [索取号:F112:H31/x1] | 在馆 |